[Event "Titled Tuesday intern op 25th Feb Early"]
[Site "Chess.com INT"]
[Date "2025.02.25"]
[Round "1"]
[White "Abdusattorov, Nodirbek"]
[Black "Kochiev, Ivan"]
[Result "1-0"]
[WhiteElo "2766"]
[BlackElo "2071"]
[PlyCount "61"]
[EventDate "2025.02.25"]
[EventType "swiss (blitz)"]
[EventRounds "11"]
[EventCountry "USA"]
[SourceTitle "CB10_2025"]
[SourceDate "2025.03.05"]
[SourceVersion "1"]
[SourceVersionDate "2025.03.05"]
[SourceQuality "1"]

1. e4 c5 2. Nf3 d6 3. d4 cxd4 4. Qxd4 Nc6 5. Qe3 Nf6 6. Be2 g6 7. 0-0 Bg7 8. h3 0-0 9. Rd1 Qc7 10. c4 a5 11. Nc3 Be6 12. Bd2 Nd7 13. Rac1 a4 14. Nd5 Qd8 15. Bc3 Nce5 16. Nd4 Nc5 17. f4 Nc6 18. Nb5 Bxd5 19. cxd5 Nb8 20. Bxg7 Kxg7 21. e5 Nbd7 22. h4 dxe5 23. Rxc5 Nxc5 24. Qxc5 exf4 25. Qd4+ Kg8 26. Qxf4 Qb6+ 27. Kh2 Ra5 28. d6 exd6 29. Rd5 Re8 30. Nxd6 Rf8 31. Nc4 1-0

[Event "Titled Tuesday intern op 11th Feb Early"]
[Site "Chess.com INT"]
[Date "2025.02.11"]
[Round "10"]
[White "Finegold, Benjamin"]
[Black "Kochiev, Ivan"]
[Result "0-1"]
[WhiteElo "2385"]
[BlackElo "2071"]
[PlyCount "58"]
[EventDate "2025.02.11"]
[EventType "swiss (blitz)"]
[EventRounds "11"]
[EventCountry "USA"]
[SourceTitle "CB09_2025"]
[SourceDate "2025.02.27"]
[SourceVersion "1"]
[SourceVersionDate "2025.02.27"]
[SourceQuality "1"]

1. e4 c5 2. Nf3 d6 3. d4 cxd4 4. Qxd4 a6 5. Bg5 Nc6 6. Qe3 Nf6 7. Bxf6 gxf6 8. Nc3 b5 9. 0-0-0 Bb7 10. Kb1 Rc8 11. h4 h5 12. Nd4 Qb6 13. Nd5 Qd8 14. f4 e6 15. Nc3 Qb6 16. Rh3 Bh6 17. Nce2 Nxd4 18. Nxd4 Qc5 19. c3 Rg8 20. Rf3 Kf8 21. Qe2 b4 22. Nb3 Qb6 23. g3 bxc3 24. Rxc3 Rxc3 25. bxc3 Rxg3 26. Qxh5 Bxe4+ 27. Ka1 Bg7 28. Qe2 f5 29. Qxa6 Bxc3# 0-1

[Event "Titled Tuesday intern op 11th Feb Early"]
[Site "Chess.com INT"]
[Date "2025.02.11"]
[Round "11"]
[White "Kochiev, Ivan"]
[Black "Mukhutdinov, Tigran"]
[Result "0-1"]
[WhiteElo "2071"]
[BlackElo "2272"]
[PlyCount "86"]
[EventDate "2025.02.11"]
[EventType "swiss (blitz)"]
[EventRounds "11"]
[EventCountry "USA"]
[SourceTitle "CB09_2025"]
[SourceDate "2025.02.27"]
[SourceVersion "1"]
[SourceVersionDate "2025.02.27"]
[SourceQuality "1"]

1. e4 c5 2. Nf3 a6 3. c4 e6 4. d4 cxd4 5. Nxd4 d6 6. Nc3 Nf6 7. Be2 Be7 8. 0-0 0-0 9. Be3 Qc7 10. Rc1 b6 11. Qd2 Bb7 12. f3 Nbd7 13. b4 Rac8 14. Nb3 Qb8 15. Rfd1 Ne5 16. Na4 b5 17. cxb5 Rxc1 18. Rxc1 axb5 19. Nb6 d5 20. exd5 Nxd5 21. Nxd5 Bxd5 22. Nc5 Rd8 23. Qc2 Nc4 24. Bf2 Bd6 25. h3 Bh2+ 26. Kh1 Bf4 27. Rd1 Ne3 28. Bxe3 Bxe3 29. Qd3 Bf4 30. Qxb5 Qxb5 31. Bxb5 Rb8 32. a4 g5 33. Nd7 Rd8 34. Nf6+ Kg7 35. Nxd5 exd5 36. a5 d4 37. a6 Bb8 38. Bd3 Ba7 39. Rc1 Re8 40. Rc7 Re1+ 41. Kh2 Bb8 42. a7 Bxc7+ 43. g3 Ra1 0-1

[Event "Titled Tuesday intern op 11th Feb Early"]
[Site "Chess.com INT"]
[Date "2025.02.11"]
[Round "1"]
[White "Lazavik, Denis"]
[Black "Kochiev, Ivan"]
[Result "1-0"]
[WhiteElo "2572"]
[BlackElo "2071"]
[PlyCount "43"]
[EventDate "2025.02.11"]
[EventType "swiss (blitz)"]
[EventRounds "11"]
[EventCountry "USA"]
[SourceTitle "CB09_2025"]
[SourceDate "2025.02.27"]
[SourceVersion "1"]
[SourceVersionDate "2025.02.27"]
[SourceQuality "1"]

1. d4 Nf6 2. c4 e6 3. Nf3 c5 4. d5 exd5 5. cxd5 d6 6. Nc3 g6 7. h3 Bg7 8. e4 0-0 9. Bd3 Re8 10. 0-0 a6 11. a4 c4 12. Bxc4 Nxe4 13. Nxe4 Rxe4 14. Qc2 Re8 15. Bg5 Qc7 16. Rfe1 Bd7 17. Qb3 a5 18. Rac1 Rxe1+ 19. Nxe1 Bd4 20. Nf3 Bc5 21. Qc3 Bb4 22. Qf6 1-0

[Event "Titled Tuesday intern op 11th Feb Early"]
[Site "Chess.com INT"]
[Date "2025.02.11"]
[Round "9"]
[White "Mirzoev, Azer"]
[Black "Kochiev, Ivan"]
[Result "0-1"]
[WhiteElo "2442"]
[BlackElo "2071"]
[PlyCount "98"]
[EventDate "2025.02.11"]
[EventType "swiss (blitz)"]
[EventRounds "11"]
[EventCountry "USA"]
[SourceTitle "CB08_2025"]
[SourceDate "2025.02.19"]
[SourceVersion "1"]
[SourceVersionDate "2025.02.19"]
[SourceQuality "1"]

1. d4 Nf6 2. c4 e6 3. Nc3 c5 4. d5 exd5 5. cxd5 d6 6. Nf3 g6 7. Bf4 a6 8. a4 Qe7 9. e3 Bg7 10. h3 0-0 11. Nd2 Nbd7 12. Be2 Ne8 13. 0-0 f5 14. a5 Nc7 15. Nc4 Ne5 16. Nb6 Rb8 17. Qa4 Nd7 18. Nxc8 Rfxc8 19. Rac1 b5 20. axb6 Rxb6 21. Rc2 Rcb8 22. Qa2 Ne5 23. Rd1 Bf6 24. Bh2 Kg7 25. Bf1 Nb5 26. Ne2 Nf7 27. Nf4 Nc7 28. Rdd2 Be5 29. Bc4 Qf6 30. b3 Ng5 31. Rd3 Rb4 32. f3 R4b6 33. Bg3 Nf7 34. Be1 Re8 35. Ba5 Rb7 36. Ne6+ Nxe6 37. dxe6 Nd8 38. f4 Nxe6 39. fxe5 dxe5 40. Bc3 Ng5 41. Rcd2 Ne4 42. Rd7+ Rxd7 43. Rxd7+ Kh6 44. Qa1 Qg5 45. Qe1 f4 46. Bd3 Nxc3 47. Qxc3 fxe3 48. Qe1 e4 49. Bc4 Rf8 0-1

[Event "Titled Tuesday intern op 04th Feb Late"]
[Site "Chess.com INT"]
[Date "2025.02.04"]
[Round "2"]
[White "El Jawich, Amro"]
[Black "Kochiev, Ivan"]
[Result "0-1"]
[WhiteElo "2307"]
[BlackElo "2071"]
[PlyCount "48"]
[EventDate "2025.02.04"]
[EventType "swiss (blitz)"]
[EventRounds "11"]
[EventCountry "USA"]
[SourceTitle "CB07_2025"]
[SourceDate "2025.02.12"]
[SourceVersion "1"]
[SourceVersionDate "2025.02.12"]
[SourceQuality "1"]

1. e4 c5 2. Nf3 d6 3. d4 cxd4 4. Nxd4 Nf6 5. Nc3 Nc6 6. Bg5 e6 7. Qd2 a6 8. 0-0-0 Bd7 9. f3 b5 10. Kb1 Be7 11. Be3 Rc8 12. g4 Ne5 13. Bd3 Nc4 14. Bxc4 Rxc4 15. g5 Nh5 16. Nce2 Qc8 17. Nb3 Qb8 18. Rc1 0-0 19. Ng3 g6 20. Nxh5 gxh5 21. Qf2 Rfc8 22. Qh4 Qc7 23. Na1 d5 24. exd5 Rxh4 0-1

[Event "Titled Tuesday intern op 04th Feb Early"]
[Site "Chess.com INT"]
[Date "2025.02.04"]
[Round "5"]
[White "Godoy, Carlos"]
[Black "Kochiev, Ivan"]
[Result "1/2-1/2"]
[WhiteElo "2142"]
[BlackElo "2071"]
[PlyCount "126"]
[EventDate "2025.02.04"]
[EventType "swiss (blitz)"]
[EventRounds "11"]
[EventCountry "USA"]
[SourceTitle "CB07_2025"]
[SourceDate "2025.02.12"]
[SourceVersion "1"]
[SourceVersionDate "2025.02.12"]
[SourceQuality "1"]

1. e4 e6 2. d4 d5 3. Nc3 dxe4 4. Nxe4 Nd7 5. Bd3 Be7 6. Nf3 Ngf6 7. 0-0 0-0 8. Qe2 b6 9. Nxf6+ Nxf6 10. c3 Bb7 11. Ne5 h6 12. Bf4 c5 13. dxc5 Bxc5 14. Rfe1 Rc8 15. Rad1 Qe7 16. Bb1 Rfd8 17. Ng4 Nxg4 18. Qxg4 Qf6 19. Bg3 Qg5 20. Qxg5 hxg5 21. h4 gxh4 22. Bxh4 Rxd1 23. Rxd1 Bc6 24. Bc2 f6 25. b4 Be7 26. Bb3 Kf7 27. Re1 Bd5 28. Bxd5 exd5 29. Re3 Rc4 30. Bg3 d4 31. cxd4 Rxb4 32. Rd3 Ke8 33. d5 Bc5 34. d6 Rd4 35. Re3+ Kd8 36. Re7 a5 37. Rxg7 Bxd6 38. Bxd6 Rxd6 39. g4 Rd2 40. a4 Rd4 41. g5 Rg4+ 42. Kf1 Rxg5 43. Rb7 b5 44. axb5 Kc8 45. Rf7 Rf5 46. b6 a4 47. Ra7 Rf4 48. Ke2 Kb8 49. Ke3 Rb4 50. f4 f5 51. Kf3 Rb3+ 52. Ke2 a3 53. Kd2 Rh3 54. Kc2 a2 55. Rxa2 Rh2+ 56. Kb3 Rxa2 57. Kxa2 Kb7 58. Kb3 Kxb6 59. Kc4 Kc6 60. Kd4 Kd6 61. Kc4 Kc6 62. Kd4 Kd6 63. Kc4 Kc6 1/2-1/2

[Event "Titled Tuesday intern op 04th Feb Early"]
[Site "Chess.com INT"]
[Date "2025.02.04"]
[Round "3"]
[White "Habiaga, Raul Adrian"]
[Black "Kochiev, Ivan"]
[Result "1-0"]
[WhiteElo "1984"]
[BlackElo "2071"]
[PlyCount "65"]
[EventDate "2025.02.04"]
[EventType "swiss (blitz)"]
[EventRounds "11"]
[EventCountry "USA"]
[SourceTitle "CB07_2025"]
[SourceDate "2025.02.12"]
[SourceVersion "1"]
[SourceVersionDate "2025.02.12"]
[SourceQuality "1"]

1. e4 e6 2. d4 d5 3. Nc3 dxe4 4. Nxe4 Nd7 5. Nf3 Be7 6. Bd3 Ngf6 7. 0-0 0-0 8. Re1 b6 9. c3 Bb7 10. Qc2 Nxe4 11. Bxe4 Bxe4 12. Rxe4 Nf6 13. Rh4 h6 14. Bxh6 gxh6 15. Rxh6 Re8 16. Ng5 Bf8 17. Rh7 Bg7 18. Rh3 e5 19. Nh7 exd4 20. Nxf6+ Qxf6 21. Qh7+ Kf8 22. Rf3 Qe5 23. g3 dxc3 24. bxc3 Qe4 25. Qh5 Qe6 26. Rd1 Kg8 27. Rdd3 Rad8 28. Rde3 Rd1+ 29. Kg2 Qc4 30. Rxe8+ Bf8 31. Qg5+ Kh7 32. Qh4+ Kg8 33. Qxc4 1-0

[Event "Titled Tuesday intern op 04th Feb Early"]
[Site "Chess.com INT"]
[Date "2025.02.04"]
[Round "8"]
[White "Kochiev, Ivan"]
[Black "Kuchava, Ana"]
[Result "0-1"]
[WhiteElo "2071"]
[BlackElo "2094"]
[PlyCount "56"]
[EventDate "2025.02.04"]
[EventType "swiss (blitz)"]
[EventRounds "11"]
[EventCountry "USA"]
[SourceTitle "CB07_2025"]
[SourceDate "2025.02.12"]
[SourceVersion "1"]
[SourceVersionDate "2025.02.12"]
[SourceQuality "1"]

1. e4 c5 2. Nf3 d6 3. c3 Nf6 4. Qc2 Nc6 5. d4 cxd4 6. cxd4 d5 7. e5 Ne4 8. Nc3 Nxc3 9. bxc3 Bg4 10. h3 Bh5 11. g4 Bg6 12. Bd3 Bxd3 13. Qxd3 e6 14. Bd2 Na5 15. Qb5+ Nc6 16. Qxb7 Rc8 17. Bg5 Be7 18. Bxe7 Nxe7 19. Qxa7 Rxc3 20. Nd2 0-0 21. 0-0 Nc6 22. Qb7 Nxd4 23. Qb4 Ne2+ 24. Kg2 d4 25. Nf3 Qd5 26. Qxc3 dxc3 27. Rfe1 Nd4 28. Re3 Nc2 0-1

[Event "Titled Tuesday intern op 04th Feb Late"]
[Site "Chess.com INT"]
[Date "2025.02.04"]
[Round "7"]
[White "Montano Vicente, Guadalupe"]
[Black "Kochiev, Ivan"]
[Result "0-1"]
[WhiteElo "1969"]
[BlackElo "2071"]
[PlyCount "70"]
[EventDate "2025.02.04"]
[EventType "swiss (blitz)"]
[EventRounds "11"]
[EventCountry "USA"]
[SourceTitle "CB07_2025"]
[SourceDate "2025.02.12"]
[SourceVersion "1"]
[SourceVersionDate "2025.02.12"]
[SourceQuality "1"]

1. d4 Nf6 2. c4 e6 3. Nf3 c5 4. Nc3 cxd4 5. Nxd4 Nc6 6. Nc2 Be7 7. g3 0-0 8. Bg2 b6 9. 0-0 Bb7 10. b3 Rc8 11. Bb2 Qc7 12. Rc1 Rfd8 13. e3 Qb8 14. Qe2 Ne5 15. Bxb7 Qxb7 16. f4 Ng6 17. Nd4 d5 18. cxd5 exd5 19. Qd3 Re8 20. a3 Bf8 21. b4 Rc7 22. Ncb5 Rxc1 23. Rxc1 a6 24. Rc7 Qb8 25. Nc6 Qa8 26. Nbd4 Ne4 27. Ra7 Qc8 28. Qxa6 Qh3 29. Qf1 Qg4 30. Qd3 h5 31. Ne2 h4 32. Kg2 hxg3 33. hxg3 Nh4+ 34. Kh2 Nf3+ 35. Kg2 Ne1+ 0-1

[Event "Titled Tuesday intern op 04th Feb Late"]
[Site "Chess.com INT"]
[Date "2025.02.04"]
[Round "6"]
[White "Ochirbat, Lkhagvajamts"]
[Black "Kochiev, Ivan"]
[Result "1-0"]
[WhiteElo "2286"]
[BlackElo "2071"]
[PlyCount "109"]
[EventDate "2025.02.04"]
[EventType "swiss (blitz)"]
[EventRounds "11"]
[EventCountry "USA"]
[SourceTitle "CB07_2025"]
[SourceDate "2025.02.12"]
[SourceVersion "1"]
[SourceVersionDate "2025.02.12"]
[SourceQuality "1"]

1. Nf3 Nf6 2. g3 b6 3. Bg2 Bb7 4. 0-0 c5 5. c4 e6 6. Nc3 Be7 7. a3 Nc6 8. d3 0-0 9. e4 d5 10. cxd5 exd5 11. e5 Nd7 12. Re1 d4 13. Nd5 Re8 14. Bf4 Nf8 15. Nd2 Ng6 16. Nc4 Bf8 17. Qg4 Ncxe5 18. Nxe5 Bxd5 19. Nc6 Bxc6 20. Bxc6 Rxe1+ 21. Rxe1 Nxf4 22. Re8 Qf6 23. Bxa8 Nxd3 24. Qe2 c4 25. Bd5 b5 26. Be4 Nc5 27. Bxh7+ Kxh7 28. Rxf8 Ne6 29. Qh5+ Qh6 30. Qf5+ Qg6 31. Rxf7 Qxf5 32. Rxf5 Kg6 33. Rd5 d3 34. f4 Kf6 35. Kf2 a6 36. Ke3 Ke7 37. g4 Nc7 38. Re5+ Kd6 39. h4 Nd5+ 40. Kd2 a5 41. Rf5 b4 42. axb4 axb4 43. h5 Ke6 44. Re5+ Kd6 45. Rg5 Nxf4 46. Rxg7 Ne6 47. h6 Kc5 48. Rg6 Nf4 49. Rf6 Nd5 50. Rf5 c3+ 51. bxc3 bxc3+ 52. Kxd3 Kc6 53. Rxd5 Kxd5 54. h7 c2 55. Kxc2 1-0

[Event "Titled Tuesday intern op 07th Jan Early"]
[Site "Chess.com INT"]
[Date "2025.01.07"]
[Round "4"]
[White "Kochiev, Ivan"]
[Black "Moorhouse, Will"]
[Result "1-0"]
[WhiteElo "2071"]
[BlackElo "2052"]
[PlyCount "161"]
[EventDate "2025.01.07"]
[EventType "swiss (blitz)"]
[EventRounds "11"]
[EventCountry "USA"]
[SourceTitle "CB03_2025"]
[SourceDate "2025.01.15"]
[SourceVersion "1"]
[SourceVersionDate "2025.01.15"]
[SourceQuality "1"]

1. e4 e5 2. Nf3 Nc6 3. d4 exd4 4. Bc4 Bc5 5. c3 Nf6 6. cxd4 Bb4+ 7. Kf1 0-0 8. d5 Ne7 9. e5 Ng4 10. h3 Nxf2 11. Kxf2 d6 12. Bf4 Nf5 13. Nc3 dxe5 14. Bxe5 Bc5+ 15. Ke1 Ne3 16. Qd3 Bf5 17. Ne4 Bb4+ 18. Kf2 Nxc4 19. Qxc4 Ba5 20. g4 Bg6 21. Rhf1 Re8 22. Ng3 Bb6+ 23. Bd4 Qf6 24. Bxb6 Qxb2+ 25. Kg1 Qxb6+ 26. Kh1 Re3 27. Rae1 Rae8 28. Rxe3 Rxe3 29. Re1 h6 30. Rxe3 Qxe3 31. Qe2 Qc1+ 32. Kh2 Qc5 33. Qd2 Qd6 34. Kg2 c6 35. dxc6 Qxc6 36. Nf5 Qb6 37. Ne7+ Kh7 38. Nxg6 Qxg6 39. Qd4 Qa6 40. a4 Qe2+ 41. Kg3 Qe6 42. Qxa7 Qd6+ 43. Kg2 Qd5 44. Qd4 Qa2+ 45. Kg3 Qb3 46. Qe4+ Kg8 47. a5 Qb5 48. Qe5 Qc6 49. Nd4 Qc3+ 50. Nf3 Qc6 51. Qb8+ Kh7 52. Qd8 Qa6 53. Ne5 Qe6 54. Qd3+ g6 55. Nf3 Qa2 56. Qd7 Qe6 57. Qxb7 Qd6+ 58. Kg2 Qe6 59. Qb6 Qe7 60. a6 Kg7 61. a7 Qa3 62. Qb7 Qa2+ 63. Kg3 Qa1 64. a8Q Qc3 65. Qab8 Qe3 66. Qe5+ Qxe5+ 67. Nxe5 Kf6 68. Qxf7+ Kxe5 69. Qxg6 Kd5 70. Qxh6 Ke5 71. Qf8 Kd5 72. g5 Ke6 73. g6 Kd5 74. g7 Ke6 75. g8R Ke5 76. Rg7 Ke6 77. Re7+ Kd6 78. Qd8+ Kc6 79. Rc7+ Kb6 80. Qb8+ Ka6 81. Ra7# 1-0

[Event "Titled Tuesday intern op 07th Jan Early"]
[Site "Chess.com INT"]
[Date "2025.01.07"]
[Round "1"]
[White "Shankland, Samuel L"]
[Black "Kochiev, Ivan"]
[Result "1-0"]
[WhiteElo "2670"]
[BlackElo "2071"]
[PlyCount "35"]
[EventDate "2025.01.07"]
[EventType "swiss (blitz)"]
[EventRounds "11"]
[EventCountry "USA"]
[SourceTitle "CB03_2025"]
[SourceDate "2025.01.15"]
[SourceVersion "1"]
[SourceVersionDate "2025.01.15"]
[SourceQuality "1"]

1. e4 d5 2. exd5 Qxd5 3. Nc3 Qa5 4. d4 c6 5. Bc4 Nf6 6. Bd2 Bf5 7. Qe2 Nbd7 8. 0-0-0 Qc7 9. Nf3 e6 10. Nh4 Bg6 11. Nxg6 hxg6 12. d5 cxd5 13. Nxd5 Nxd5 14. Bxd5 0-0-0 15. Bf3 Rxh2 16. Rxh2 Qxh2 17. g3 Nb6 18. Rh1 1-0

[Event "Titled Tuesday intern op 26th Nov Late"]
[Site "Chess.com INT"]
[Date "2024.11.26"]
[Round "1"]
[White "Kochiev, Ivan"]
[Black "Smith, Garrett L"]
[Result "1/2-1/2"]
[WhiteElo "2071"]
[BlackElo "2029"]
[PlyCount "165"]
[EventDate "2024.11.26"]
[EventType "swiss (blitz)"]
[EventRounds "11"]
[EventCountry "USA"]
[SourceTitle "CB49_2024"]
[SourceDate "2024.12.04"]
[SourceVersion "1"]
[SourceVersionDate "2024.12.04"]
[SourceQuality "1"]

1. e4 c5 2. Nf3 Nc6 3. d4 cxd4 4. Nxd4 e5 5. Nb3 Bb4+ 6. c3 Be7 7. c4 Nf6 8. Nc3 d6 9. Be2 Be6 10. Be3 0-0 11. 0-0 Rc8 12. f3 Na5 13. Nd5 Nxc4 14. Nxe7+ Qxe7 15. Bxc4 Bxc4 16. Rf2 b5 17. Rd2 Rfd8 18. Na5 Be6 19. Qe2 d5 20. Qxb5 d4 21. Bf2 Rc5 22. Qb4 Qc7 23. Nb3 Bxb3 24. Qxb3 Rb8 25. Qd1 Rcb5 26. b3 Rc8 27. Qe2 Rc5 28. f4 Rc1+ 29. Rxc1 Qxc1+ 30. Rd1 Qxf4 31. Bg3 Qxe4 32. Qxe4 Nxe4 33. Bxe5 d3 34. Kf1 d2 35. Bf4 Rc2 36. a4 Rb2 37. g3 f6 38. Kg2 Rxb3 39. h4 Ra3 40. g4 Rxa4 41. Kf3 Nc5 42. Rxd2 Ne6 43. Be3 Ra3 44. Rd6 Kf7 45. Rd7+ Ke8 46. Rb7 h6 47. h5 Ng5+ 48. Kf4 Ra4+ 49. Kg3 Re4 50. Bxa7 Re7 51. Rb8+ Kf7 52. Bc5 Rc7 53. Bd6 Rc6 54. Bf4 Rc3+ 55. Kg2 Ne4 56. Rb7+ Ke6 57. Rxg7 Rc2+ 58. Kf3 Ng5+ 59. Kg3 Rc3+ 60. Kg2 Rc2+ 61. Kg3 Rc3+ 62. Kg2 Rc2+ 63. Kg1 Rc4 64. Bxg5 Rxg4+ 65. Kf2 Rxg5 66. Rh7 Rxh5 67. Kf3 Kf5 68. Ra7 Rh3+ 69. Kg2 Re3 70. Ra5+ Re5 71. Ra4 h5 72. Ra8 Kg5 73. Rg8+ Kf4 74. Rh8 Rg5+ 75. Kf2 f5 76. Ra8 Kg4 77. Rh8 f4 78. Kg2 h4 79. Rf8 Ra5 80. Rg8+ Rg5 81. Rf8 Rg6 82. Rf7 Rg5 83. Rf8 1/2-1/2

[Event "Titled Tuesday intern op 26th Nov Late"]
[Site "Chess.com INT"]
[Date "2024.11.26"]
[Round "2"]
[White "Nasta, Kiren Vivek"]
[Black "Kochiev, Ivan"]
[Result "0-1"]
[WhiteElo "2010"]
[BlackElo "2071"]
[PlyCount "148"]
[EventDate "2024.11.26"]
[EventType "swiss (blitz)"]
[EventRounds "11"]
[EventCountry "USA"]
[SourceTitle "CB49_2024"]
[SourceDate "2024.12.04"]
[SourceVersion "1"]
[SourceVersionDate "2024.12.04"]
[SourceQuality "1"]

1. e4 c5 2. Nf3 d6 3. d4 cxd4 4. Nxd4 Nf6 5. Nc3 Nc6 6. Be2 g6 7. Be3 Bg7 8. Qd2 d5 9. Nxc6 bxc6 10. 0-0-0 0-0 11. exd5 cxd5 12. Nxd5 Nxd5 13. Qxd5 Qc7 14. Qxa8 Bf5 15. Qxf8+ Kxf8 16. Bc4 Bxb2+ 17. Kxb2 Qxc4 18. Rd2 Qb4+ 19. Kc1 Qa3+ 20. Kd1 Qxa2 21. Ke2 Qc4+ 22. Kd1 Qb5 23. Re1 f6 24. Bxa7 Qb1+ 25. Ke2 Qa2 26. Be3 Bxc2 27. Rc1 Qa6+ 28. Ke1 Bf5 29. f3 h5 30. h3 h4 31. Kf2 Qe6 32. Re1 Qc6 33. Ra2 Bd3 34. Rd1 Qc4 35. Rad2 Bf5 36. Rd8+ Kf7 37. R8d2 Qc7 38. Kg1 Qg3 39. Bf2 Qg5 40. Re2 Bxh3 41. Bxh4 Qxh4 42. gxh3 Qg3+ 43. Rg2 Qxf3 44. Rf1 Qxh3 45. Rh2 Qe3+ 46. Rhf2 g5 47. Kg2 g4 48. Rf4 Qh3+ 49. Kg1 Qg3+ 50. Kh1 Kg6 51. R4f2 Qh4+ 52. Rh2 Qg5 53. Rg2 f5 54. Re1 Kf6 55. Rge2 Qg7 56. Re6+ Kg5 57. Rxe7 Qc3 58. R7e3 Qc6+ 59. Kg1 f4 60. Re5+ Kh4 61. Re6 Qc5+ 62. Kh1 Kg3 63. Rg1+ Kf3 64. Rf1+ Kg3 65. Rg1+ Kh4 66. Rh6+ Kg5 67. Rh2 Qd5+ 68. Rhg2 g3 69. Rf1 Kg4 70. Re1 f3 71. Rxg3+ Kxg3 72. Rg1+ Kf2 73. Rg8 Qxg8 74. Kh2 Qh8# 0-1

[Event "Titled Tuesday intern op 26th Nov Late"]
[Site "Chess.com INT"]
[Date "2024.11.26"]
[Round "3"]
[White "Shankland, Samuel L"]
[Black "Kochiev, Ivan"]
[Result "1-0"]
[WhiteElo "2672"]
[BlackElo "2071"]
[PlyCount "79"]
[EventDate "2024.11.26"]
[EventType "swiss (blitz)"]
[EventRounds "11"]
[EventCountry "USA"]
[SourceTitle "CB49_2024"]
[SourceDate "2024.12.04"]
[SourceVersion "1"]
[SourceVersionDate "2024.12.04"]
[SourceQuality "1"]

1. e4 c5 2. Nf3 d6 3. d4 cxd4 4. Nxd4 Nf6 5. Nc3 Nc6 6. Bg5 e6 7. Qd2 a6 8. 0-0-0 Bd7 9. Kb1 Be7 10. Nxc6 Bxc6 11. f3 Qc7 12. Bd3 b5 13. h4 h6 14. Be3 h5 15. Ne2 d5 16. e5 Nd7 17. f4 g6 18. Nd4 Nc5 19. Qe2 0-0-0 20. c3 Ne4 21. Bxe4 dxe4 22. a4 Qb7 23. axb5 axb5 24. c4 b4 25. Qc2 Bc5 26. Nxc6 Qxc6 27. Bxc5 Qxc5 28. Qxe4 Kc7 29. b3 Ra8 30. Rd6 Ra3 31. Rhd1 Rxb3+ 32. Kc2 Rc3+ 33. Kb2 Rc8 34. Rd7+ Kb6 35. Qb7+ Ka5 36. R7d6 Rc2+ 37. Kb1 Qxc4 38. Qa7+ Kb5 39. Qa6+ Kc5 40. Qb6# 1-0

[Event "Titled Tuesday intern op 24th Sep Early"]
[Site "Chess.com INT"]
[Date "2024.09.24"]
[Round "2"]
[White "Kochiev, Ivan"]
[Black "Caku, Kler"]
[Result "1-0"]
[WhiteElo "2074"]
[BlackElo "1859"]
[PlyCount "107"]
[EventDate "2024.09.24"]
[EventType "swiss (blitz)"]
[EventRounds "11"]
[EventCountry "USA"]
[SourceTitle "EXT 2025"]
[Source "ChessBase"]
[SourceDate "2024.10.14"]
[SourceVersion "1"]
[SourceVersionDate "2024.10.14"]
[SourceQuality "1"]

1. e4 e5 2. Nf3 Nc6 3. d4 exd4 4. Bc4 Be7 5. c3 d6 6. cxd4 Nf6 7. Nc3 0-0 8. h3 Nxe4 9. Nxe4 d5 10. Bxd5 Qxd5 11. Nc3 Bb4 12. 0-0 Qd8 13. Re1 Bf5 14. a3 Bd6 15. d5 Ne7 16. Nd4 Bg6 17. Qf3 Qd7 18. Bg5 Rad8 19. Re2 Rfe8 20. Rae1 f6 21. Bf4 Bxf4 22. Qxf4 Nxd5 23. Nxd5 Qxd5 24. Ne6 Qd3 25. Qxc7 Rd7 26. Qf4 Rde7 27. Nc5 Qd8 28. Rxe7 Rxe7 29. Rxe7 Qxe7 30. Qb8+ Be8 31. Nxb7 Qe1+ 32. Kh2 g6 33. Nd6 Qe5+ 34. g3 Kf8 35. Qxe8+ Qxe8 36. Nxe8 Kxe8 37. Kg2 Kd7 38. Kf3 Kd6 39. Ke3 Kd5 40. Kd3 f5 41. b4 a6 42. a4 h6 43. f4 g5 44. h4 gxf4 45. gxf4 h5 46. Kc3 Ke4 47. b5 axb5 48. axb5 Kd5 49. Kb4 Kd6 50. Ka5 Kc5 51. b6 Kc6 52. Ka6 Kd7 53. b7 Kc7 54. Ka7 1-0

[Event "Titled Tuesday intern op 24th Sep Early"]
[Site "Chess.com INT"]
[Date "2024.09.24"]
[Round "3"]
[White "Kochiev, Ivan"]
[Black "Goltsev, Dmitry"]
[Result "0-1"]
[WhiteElo "2074"]
[BlackElo "2215"]
[PlyCount "142"]
[EventDate "2024.09.24"]
[EventType "swiss (blitz)"]
[EventRounds "11"]
[EventCountry "USA"]
[SourceTitle "EXT 2025"]
[Source "ChessBase"]
[SourceDate "2024.10.14"]
[SourceVersion "1"]
[SourceVersionDate "2024.10.14"]
[SourceQuality "1"]

1. e4 e6 2. d4 d5 3. Nd2 c5 4. exd5 exd5 5. Ngf3 Nf6 6. Bb5+ Nc6 7. 0-0 Be7 8. dxc5 Bxc5 9. Nb3 Bb6 10. Re1+ Be6 11. Nbd4 0-0 12. Bxc6 bxc6 13. Nxc6 Qd6 14. Ncd4 Bg4 15. c3 Ne4 16. h3 Bh5 17. Qa4 Bxf3 18. gxf3 Nxf2 19. Kxf2 Qh2+ 20. Kf1 Qxh3+ 21. Kf2 Bd8 22. Ke2 Bh4 23. Be3 Qg2+ 24. Kd3 Bxe1 25. Rxe1 Qxb2 26. Rg1 Rac8 27. Ne2 Rc4 28. Qd7 Rfc8 29. Bd4 Rxd4+ 30. cxd4 Qa3+ 31. Kd2 Qxa2+ 32. Ke1 Rb8 33. Kf2 g6 34. Re1 a5 35. Kf1 Qb3 36. Kf2 a4 37. Nf4 Qb2+ 38. Kg3 Qxd4 39. Nxd5 Kg7 40. Qd6 Rb2 41. Qe5+ Qxe5+ 42. Rxe5 a3 43. Re3 a2 44. Ra3 Rb5 45. Ne3 Rb3 46. Rxa2 Rxe3 47. Ra7 Re5 48. Kf2 Rf5 49. Kg3 h5 50. Ra4 Kf6 51. Ra6+ Kg7 52. Ra8 Rf6 53. Ra6 Re6 54. Ra8 Kf6 55. Ra4 g5 56. Ra5 Kg6 57. Ra8 Rf6 58. Rg8+ Kf5 59. Rh8 h4+ 60. Kg2 Rd6 61. Rf8 f6 62. Ra8 Rd2+ 63. Kf1 Kf4 64. Rf8 f5 65. Rf7 h3 66. Rf8 h2 67. Rh8 Kg3 68. Ke1 Rg2 69. Kf1 Rg1+ 70. Ke2 h1Q 71. Rxh1 Rxh1 0-1

[Event "Titled Tuesday intern op 24th Sep Early"]
[Site "Chess.com INT"]
[Date "2024.09.24"]
[Round "5"]
[White "Kochiev, Ivan"]
[Black "Romero Ruscalleda, Josep"]
[Result "0-1"]
[WhiteElo "2074"]
[BlackElo "2153"]
[PlyCount "46"]
[EventDate "2024.09.24"]
[EventType "swiss (blitz)"]
[EventRounds "11"]
[EventCountry "USA"]
[SourceTitle "EXT 2025"]
[Source "ChessBase"]
[SourceDate "2024.10.14"]
[SourceVersion "1"]
[SourceVersionDate "2024.10.14"]
[SourceQuality "1"]

1. e4 g6 2. d4 Bg7 3. c3 d6 4. Bd3 Nf6 5. f4 0-0 6. Nf3 Nbd7 7. 0-0 c5 8. Be3 cxd4 9. cxd4 Ng4 10. Qe2 Nxe3 11. Qxe3 Qb6 12. Nc3 Nf6 13. e5 Ng4 14. Qe2 dxe5 15. fxe5 Nxe5 16. Nd5 Nxf3+ 17. Qxf3 Qxd4+ 18. Kh1 Bg4 19. Nxe7+ Kh8 20. Qe4 Qxe4 21. Bxe4 Rae8 22. Rf4 Rxe7 23. Rxg4 f5 0-1